Toxicity and safe handling of rubber chemicals : BRMA codes of practice (Record no. 43914)

MARC details
000 -LEADER
fixed length control field 00400nam a2200121Ia 4500
082 ## - DEWEY DECIMAL CLASSIFICATION NUMBER
Classification number NR:62:54-4
Item number TOX
245 #0 - TITLE STATEMENT
Title Toxicity and safe handling of rubber chemicals : BRMA codes of practice
250 ## - EDITION STATEMENT
Edition statement Ed.4
260 ## - PUBLICATION, DISTRIBUTION, ETC. (IMPRINT)
Place of publication Birmingham
Name of publisher British Rubber Manufacture's Association &RAPRA Technology
Year of publication 1999
490 ## - SERIES STATEMENT
Series statement RAPRA Technology 1999
942 ## - ADDED ENTRY ELEMENTS (KOHA)
Koha item type Reference
Holdings
Withdrawn status Lost status Damaged status Not for loan Home library Current library Date acquired Source of acquisition Full call number Accession Number Koha item type
        RRII Library RRII Library 16/12/2021 Gift NR:62:54-4 TOX G00663 Books